|
|
|
|
| LEADER |
01494cgm a2200397 a 4500 |
| 001 |
0025831 |
| 003 |
BD-DhAAL |
| 007 |
vd cvaizk |
| 008 |
120829p2004 ko nnn vlkor d |
| 024 |
1 |
|
|a 8809246770850
|
| 040 |
|
|
|a BD-DhAAL
|c BD-DhAAL
|
| 041 |
|
|
|a kor
|b eng
|
| 082 |
0 |
0 |
|a 791.43
|2 22
|
| 245 |
1 |
0 |
|6 880-01
|a P'ul hausŭ
|h [videorecording] =
|b Full house.
|n Part A /
|c cyŏnchʻul, Pʻyo Min-su.
|
| 246 |
2 |
|
|a Full house
|
| 260 |
|
|
|a [Sŏul] :
|b KBS Midiŏ,
|c 2004.
|
| 300 |
|
|
|a 3 videodiscs (DVD) :
|b sd., col. ;
|c 4 3/4 in.
|
| 490 |
1 |
|
|a KBS mini sirijŭ
|
| 500 |
|
|
|a Originally produced as a television drama.Aspect ratio 1.33:1; dual layer.
|
| 538 |
|
|
|a DVD video :NTSC color broadcast system :Korean
|
| 541 |
1 |
|
|e 0025831
|
| 546 |
|
|
|a In Korean with English subtitle.
|
| 650 |
|
0 |
|a Motion picture
|x DVD special features.
|9 4941
|
| 650 |
|
0 |
|a Romance fiction, Korean.
|9 59514
|
| 650 |
|
0 |
|a Television plays, Korean.
|9 4952
|
| 650 |
|
0 |
|a Feature films
|z Korea (South).
|9 4850
|
| 700 |
1 |
|
|a P'yo, Min-su.
|9 4942
|
| 700 |
1 |
|
|a Song, Hye-gyo.
|9 4943
|
| 700 |
1 |
|
|a Chŏng, Chi-hun.
|9 4944
|
| 700 |
1 |
|
|a Han, Ŭn-jŏng.
|9 4945
|
| 830 |
|
|
|a KBS mini sirijŭ.
|9 59493
|
| 852 |
4 |
|
|a Ayesha Abed Library
|
| 880 |
|
|
|6 245-01
|a 풀하우스
|h [videorecording] =
|b Full house.
|n Part A.
|
| 942 |
|
|
|2 ddc
|c AV
|
| 999 |
|
|
|c 12790
|d 12790
|
| 952 |
|
|
|0 0
|1 0
|2 ddc
|4 0
|6 791_430000000000000_PUL
|7 0
|9 21058
|a BRACUL
|b BRACUL
|c AV
|d 2012-08-28
|e BIL
|g 1.00
|l 0
|o 791.43 PUL
|p 4010025831
|r 2012-09-04
|t 1
|w 2012-08-28
|y AV
|